| 000 | 01318cam a22002054a 4500 | ||
|---|---|---|---|
| 005 | 20250605164144.0 | ||
| 008 | 250528s ||||||||||||||||||||||||d | ||
| 035 | _a19069 | ||
| 020 | _a9602860545 | ||
| 040 |
_aGR-AtMCL _bgre _dGR-AtMCL _eAACR2 |
||
| 245 | 1 | _aΕισαγωγή στο Δίκαιο και Στοιχεία Αστικού Δικαίου | |
| 260 |
_bΈλλην, _c1993 |
||
| 300 | _a232 | ||
| 520 | _aΕννοιολογικός Προσδιορισμός του Δικαίου, Το Λειτουργικό Πλαίσιο του Δικαίου, Διάκριση των Κανόνων Δικαίου από Άλλους Συναφείς, Πηγές του Δικαίου, Κανόνας Δικαίου, Διαίρεση του Δικαίου - Βασικοί Κλάδοι, Τα Πρόσωπα, Νομικά Πρόσωπα, Φυσικά Πρόσωπα, Δικαιώματα, Δικαιοπραξίες, Συμβάσεις, Αντιπροσώπευση και Πληρεξουσιότητα, Στοίχεια Ενοχικού Δικαίου, Στοιχεία Οικογενειακού Δικαίου, Στοιχεία Κληρονομικού Δικαίου. | ||
| 700 | 1 |
_aΜεντης Γρηγορης _95281 |
|
| 700 | 1 | _aΣαρρης Νικος | |
| 942 | _cBK | ||
| 999 |
_c4352 _d4352 |
||